MyGZULibrary

Family law / (Record no. 8730)

MARC details
000 -LEADER
fixed length control field 02083cam a2200397 i 4500
001 - CONTROL NUMBER
control field 18290136
003 - CONTROL NUMBER IDENTIFIER
control field GZU
005 - DATE AND TIME OF LATEST TRANSACTION
control field 20210524130203.0
008 - FIXED-LENGTH DATA ELEMENTS--GENERAL INFORMATION
fixed length control field 140904s2015 enk b 001 0 eng
010 ## - LIBRARY OF CONGRESS CONTROL NUMBER
LC control number 2014035404
020 ## - INTERNATIONAL STANDARD BOOK NUMBER
International Standard Book Number 9780415733588 (hbk)
020 ## - INTERNATIONAL STANDARD BOOK NUMBER
International Standard Book Number 9780415733571 (pbk)
020 ## - INTERNATIONAL STANDARD BOOK NUMBER
International Standard Book Number 041573357X (pbk)
020 ## - INTERNATIONAL STANDARD BOOK NUMBER
Canceled/invalid ISBN 9781315848280 (ebk)
040 ## - CATALOGING SOURCE
Original cataloging agency DLC
Language of cataloging eng
Transcribing agency DLC
Description conventions rda
042 ## - AUTHENTICATION CODE
Authentication code pcc
043 ## - GEOGRAPHIC AREA CODE
Geographic area code e-uk-en
050 00 - LIBRARY OF CONGRESS CALL NUMBER
Classification number KD750 BUR 2015
Item number .B87 2015
082 00 - DEWEY DECIMAL CLASSIFICATION NUMBER
Classification number 346.4201/5
Edition number 23
100 1# - MAIN ENTRY--PERSONAL NAME
Personal name Burton, Frances
Fuller form of name (Frances R.),
Dates associated with a name 1941-
Relator term author.
245 10 - TITLE STATEMENT
Title Family law /
Statement of responsibility, etc. Frances Burton.
250 ## - EDITION STATEMENT
Edition statement Second edition.
264 #1 - PRODUCTION, PUBLICATION, DISTRIBUTION, MANUFACTURE, AND COPYRIGHT NOTICE
Place of production, publication, distribution, manufacture Milton Park, Abingdon, Oxon ;
-- New York, NY :
Name of producer, publisher, distributor, manufacturer Routledge,
Date of production, publication, distribution, manufacture, or copyright notice 2015.
300 ## - PHYSICAL DESCRIPTION
Extent xxxix, 526 pages ;
Dimensions 26 cm
336 ## - CONTENT TYPE
Content type term text
Content type code txt
Source rdacontent
337 ## - MEDIA TYPE
Media type term unmediated
Media type code n
Source rdamedia
338 ## - CARRIER TYPE
Carrier type term volume
Carrier type code nc
Source rdacarrier
500 ## - GENERAL NOTE
General note Includes index.
504 ## - BIBLIOGRAPHY, ETC. NOTE
Bibliography, etc. note Includes bibliographical references and index.
505 0# - FORMATTED CONTENTS NOTE
Formatted contents note Introduction : what is contemporary family law? -- Marriage -- Nullity -- Divorce : the theoretical background -- Divorce : the contemporary process -- Divorce : non-court dispute resolution -- Financial provision on divorce or dissolution -- Civil partnership -- Cohabitation -- Financial support without decree -- Domestic violence and forced marriage -- The Children Act 1989 -- Parentage, parental responsibility and human assisted reproduction -- Children's rights, autonomy and medical treatment -- The child's welfare -- Section 8 and the CAO -- Making contact orders work -- International child abduction and relocation -- Child protection : wardship, the inherent jurisdiction and the CA 1989 -- Care, supervision and protection orders -- Financial provision for children -- Adoption.
650 #0 - SUBJECT ADDED ENTRY--TOPICAL TERM
Topical term or geographic name entry element Domestic relations
Geographic subdivision England.
650 #0 - SUBJECT ADDED ENTRY--TOPICAL TERM
Topical term or geographic name entry element Children
General subdivision Legal status, laws, etc.
Geographic subdivision England.
906 ## - LOCAL DATA ELEMENT F, LDF (RLIN)
a 7
b cbc
c orignew
d 1
e ecip
f 20
g y-gencatlg
942 ## - ADDED ENTRY ELEMENTS (KOHA)
Source of classification or shelving scheme Library of Congress Classification
Koha item type Books
Edition 2nd ed.
Classification part 750
Item part BUR
Call number prefix KD
Holdings
Withdrawn status Lost status Damaged status Not for loan Collection code Home library Current library Shelving location Date acquired Total Checkouts Full call number Barcode Date last seen Date last checked out Copy number Price effective from Koha item type
        Non-fiction Law Library Law Library General Stacks 05/24/2021 3 KD750 BUR 2015 025013 03/26/2026 03/25/2026 c.1 05/24/2021 Books
        Non-fiction Law Library Law Library General Stacks 05/24/2021 3 KD750 BUR 2015 025014 11/23/2023 10/23/2023 c.2 05/24/2021 Books